| 000 | 00430nam a2200181Ia 4500 | ||
|---|---|---|---|
| 001 | 16804 | ||
| 005 | 20260306170338.0 | ||
| 008 | 260306t2014||||xx |||||||||||||| ||und|| | ||
| 041 | _aESP | ||
| 082 |
_a657 _bR47 |
||
| 100 |
_aRey Pombo, José _eAUT |
||
| 245 | 0 |
_aContabilidad general: _bcurso práctico |
|
| 260 | _c2014 | ||
| 300 |
_a514 páginas : _c27 cm. |
||
| 650 | _aGEN | ||
| 654 | _aCCO | ||
| 942 |
_cLIB _dJUS _fJUS _2ddc _n |
||
| 999 |
_c16804 _d16804 |
||